Territory monster in sudden death - Statistics

General Stats
  • This quiz has been taken 5 times
  • The average score is 10 of 16
Answers on the Grid
Answers color-coded by a green-red scale on the quiz's grid according to % correct below.
Koda
Samer
King
Potter
Kent
Kadin
Hondo
Kidan
Kid
Young
Old
Morgan
Bacon
Jacker
Marshall
Sunny
Moomy
Fangy
Pottee
Musa
Yessa
Youty
Bounty
Mason
Choat
Canada
Kinny
 
Answer Stats
Answer % Correct
Kid
100%
King
100%
Koda
100%
Old
100%
Samer
100%
Young
100%
Canada
50%
Choat
50%
Fangy
50%
Kinny
50%
Moomy
50%
Musa
50%
Pottee
50%
Potter
50%
Kent
0%
Sunny
0%
No matching quizzes found
Score Distribution
Percent of People with Each Score
Percentile by Number Answered
Your Score History
You have not taken this quiz